Countries with less Neighbours than their Neighbours on the World Map - Statistics

General Stats
  • This quiz has been taken 127 times
  • The average score is 37 of 49
Answers on the Map
Answers color-coded by a green-red scale on the quiz's map according to % correct below.
 
Answer Stats
# Country % Correct
1 Portugal
98%
1 Lesotho
94%
1 South Korea
94%
2 Uruguay
94%
1 Canada
92%
2 Ecuador
91%
1 San Marino
91%
1 Vatican City
91%
2 Liechtenstein
90%
1 Gambia
89%
2 Nepal
89%
2 Swaziland
89%
1 Denmark
88%
2 Mongolia
88%
1 Papua New Guinea
86%
2 Qatar
86%
2 Tunisia
86%
2 Yemen
86%
1 Brunei
85%
2 Estonia
85%
2 Sweden
85%
2 Equatorial Guinea
84%
2 Andorra
83%
2 Bhutan
83%
1 Monaco
83%
3 Paraguay
83%
3 Luxembourg
81%
2 Belize
80%
2 Moldova
77%
2 Bangladesh
76%
1 Ireland
76%
2 Kuwait
76%
3 Chile
75%
1 East Timor
73%
2 Guinea-Bissau
73%
2 Lebanon
72%
3 Burundi
71%
3 Netherlands
71%
2 El Salvador
65%
3 Malawi
65%
2 Sierra Leone
65%
3 Morocco
60%
3 Egypt
49%
4 Slovenia
48%
4 Turkmenistan
43%
4 Pakistan
42%
3 Bosnia and Herzegovina
40%
4 Czech Republic
40%
1 Sri Lanka
38%
No matching quizzes found
Score Distribution
Percent of People with Each Score
Percentile by Number Answered
Your Score History
You have not taken this quiz